00403 2200157 4500001002100000008004100021035002000062245004100082100001600123260002800139300002200167020002200189084001400211082000800225990001200233INLIS000000000002828 IND  a0010-0925000175 aSurga Yang Harus KujagacSean Hasyim aSean Hasyim aJakartabEuthaniac2016 a152c(13 x 19 cm) a798-602-1010-99-0 a813 SEA s a813 a0755050